Quizzes
Events
Quiz Creation
Community
Videos
Private Events
Remove Ads
Sign In
Join for FREE
Feedback
Dark Mode
Quiz Categories
Sports
Geography
Music
Movies
Television
Just For Fun
Miscellaneous
History
Literature
Language
Science
Gaming
Entertainment
Religion
Holiday
For Kids
Quiz Lab
Recent
Popular Today
Quiz Kudos Today
Editor Picks
Curator Picks
Quizzes by...
Day
Popularity
Type
Ratings
Length
Year
Community
Subscriptions
Recent Discussions
Orange Saloon
Badges
Playlists
Quests
Create
Leaderboards
Showdown
Live 5
Trivia Bingo
Activity
Puzzle Library
Sporcle Events
Private Events
Virtual Trivia
Globe League
Become a Host
Pub Owners
SporcleCon
Opinionation
Our Games
Videos
Blog
Mobile Apps
Partnerships
Remove Ads and Go Orange
Feedback
Gaming
Video Games
Board Games
Card Games
Pokémon
Mario
Nintendo
Minecraft
Console
Toys
Legend of Zelda
Gaming
Video Games
Board Games
Card Games
Pokémon
Mario
Nintendo
Minecraft
Console
Toys
Legend of Zelda
Random Quiz
Search Sporcle
×
Quiz Lab
Quiz Lab
Gaming
faction
Type in answers that appear in a list
Type in answers that appear in a list
Classic
Best Score? Go Orange.
Name all 30 Battleborn Stats
Can you name the Name all 30 Battleborn?
By
caro555555
10m
30 Questions
55 Plays
55 Plays
55 Plays
Comments
Comments
Give Quiz Kudos
Give Quiz Kudos
-
- Ratings
hide this ad
Replay
Link that replays current quiz
Next Quiz
Link to next quiz in quiz playlist
You Got
0%
They Got
Avg Score
92%
Avg Friend Score
Upgrade to see
Score Distribution
Jump to the score distribution portion of the page
Score
0/30
Timer
10:00
0
Plays Today
Faction
Battleborn
% Correct
LLC
Kleese
100%
UPR
Oscar Mike
98.2%
UPR
Ghalt
98.2%
Rogue
Whiskey Foxtrot
98.2%
Eldrid
Thorn
96.4%
LLC
Phoebe
96.4%
Rogue
Pendles
96.4%
Rogue
Toby
96.4%
Jennerit
Attikus
94.5%
Jennerit
Ambra
94.5%
Jennerit
Beatrix
94.5%
Jennerit
Deande
94.5%
UPR
Montana
94.5%
Eldrid
Miko
94.5%
LLC
Marquis
94.5%
Faction
Battleborn
% Correct
Jennerit
Rath
92.7%
Eldrid
Kelvin
92.7%
LLC
ISIC
92.7%
Rogue
Shayne & Aurox
92.7%
Jennerit
Caldarius
90.9%
Rogue
Reyna
90.9%
Eldrid
Alani
89.1%
LLC
Kid Ultra
89.1%
Rogue
Orendi
89.1%
UPR
Benedict
87.3%
UPR
Galilea
85.5%
Eldrid
Mellka
85.5%
LLC
El Dragon
85.5%
Eldrid
Boldur
83.6%
UPR
Ernest
80%
Quiz Playlist
Details
Report
Send in Message
Add To Playlist
Classic:
Type in answers that appear in a list
Last Updated: Mar 12, 2017
Quiz Scoreboard
CHALLENGE
Sign Up to Join the Scoreboard
Show All
Scores
Hide
Comments
May contain spoilers
Recently Published
Alphabetical 'K' Countries by Flag Minefield
by ylime102
Geography
3m
Pick 6: Fruits
by JohnFran
Miscellaneous
15s
Click the 1999 NBA Draft
by nibperrychub
Sports
2m
More to Explore
Quiz From the Vault
Featured Blog Post
15 Basketball Trivia Facts You Can Be March Mad About
hide this ad
You Might Also Like...
Tags
faction
Today's Top Quizzes in Gaming
Browse Gaming
hide this ad
Today's Top Quizzes in faction
Browse faction
Top Contributed Quizzes in Gaming
1
Pokémon Gen IV Logic Puzzle (HARD)
2
HARD Pokemon Logic Puzzle
3
Honkai: Star Rail Technique Names Quiz
4
Order Genshin Impact characters by release date!
5
Stardew Valley Logic Puzzle
6
Genshin Impact Logic Puzzle Quiz
7
Danganronpa 1 Logic Puzzle
8
Pokémon Logic Puzzle (DIFFICULT)
9
Kingdom Hearts Logic Puzzle
10
Genshin Impact Logic Puzzle
Explore More
Trending Topics
Crossword
Anime
Disney
Kpop
NBA
Harry Potter
Marvel
Pokémon
NFL
WWE
Country
Song
Puzzle
Soccer
The Office
hide this ad
More By:
caro555555
Quiz
Plays
Rating
Category
Featured
Created
Name All Rainbow Six Siege Operators
1,491
5.00
Gaming
Feb 25, 2017
Anime Opening Quiz by title #3
321
2.25
Entertainment
Apr 3, 2017
Name the anime by OP (titles)
295
4.00
Entertainment
Mar 12, 2017
Name the anime by OP (titles) #2
273
3.33
Entertainment
Mar 13, 2017
Name the WWE/TNA wrestler/diva by theme song (Titles)
157
Sports
Mar 14, 2017
Go to Creator's Profile
Score Distribution
Quiz Creator Spotlight
caro555555
Follow
Send a Message
Quizzes Created
-
Created Quiz Play Count
-
More By This Creator
Popular Quizzes Today
1
Countries of Asia Without Outlines Minefield
2
Find the US States - No Outlines Minefield
3
Pick 6: Fruits
4
Alphabetical 'K' Countries by Flag Minefield
5
The Countries of the World
6
Find the US States
7
US States
8
Match the Book to the Film X
More Gaming Quizzes
Pokémon Inception
Published
Trending Quizzes
Pick 6: Mountains
Pick 6: Harry Potter
Pick 6: NFL Teams
Pick 6: Movie Franchises
Pick 6: Golfers
Recently Updated
NWSL Teams
pecheneg
Women's Final Four Teams by Year
bhenderson79
Presidents Quartet II
eogle
Anything But Clue(do)
eogle
Anything But Oceanian Capitals
eogle
Anything But 7
eogle
Anything But Thing
eogle
Word Ladder: February 29
pecheneg
Song Title Questions
pecheneg
Women's NCAA Tournament #1 Seeds
pecheneg
Trending Topics
Harry Potter
Kpop
Disney
Anime
NBA
Crossword
Marvel
Soccer
Song
Pokémon
NFL
WWE
Country
Puzzle
The Office
Your Account Isn't Verified!
In order to create a playlist on Sporcle, you need to verify the email address you used during registration. Go to your
Sporcle Settings
to finish the process.
Report this User
Report this user for behavior that violates our
Community Guidelines
.
Details:
Send Report
Go to the Sporcle.com Mobile Site →
Comments